Výročná správa ...

Bibliographic Details
Corporate Author: Slovenská akademická informačná agentúra - Servisné centrum pre tretí sektor
Other Authors: Košťálová, Katarína, 1954- (Editor), Šubeníková, Oľga, 1951- (Editor), Chlup, Ján, 1963- (Editor)
Format: Serial
Language:Slovak
PhysicalDescription:zv. fotogr., tab. 21-30 cm
Published: Bratislava Slovenská akademická informačná agentúra - Servisné centrum pre tretí sektor
ISBN:8088928443 (brož. : r. 2000)
8088928494 (brož. : r. 2001)
8088928613 (brož. : r. 2002)
8088928273 (brož. : r. 1998)
8088928621 (brož. : r. 2003)
8088928699 (brož. : r. 2004)
8088928761 (brož. : r. 2005)
8088928843 (brož. : r. 2006)
Subjects:

MARC

LEADER 00000cas a2200000 a 4500
001 vtls001473720
003 SK-MaSNL
005 20260425194101.0
008 040423d199u9999xo ar| 0 0b0slo
015 |a SNBE2001/01-00553 (r. 1998)  |a SNB2005/02-00402 (r. 2000)  |a SNB2005/02-00403 (r. 2001)  |a SNB2008-(r. 2003, r. 2004, r. 2005, r. 2006) 
020 |a 8088928443 (brož. : r. 2000) 
020 |a 8088928494 (brož. : r. 2001) 
020 |a 8088928613 (brož. : r. 2002) 
020 |a 8088928273 (brož. : r. 1998) 
020 |a 8088928621 (brož. : r. 2003) 
020 |a 8088928699 (brož. : r. 2004) 
020 |a 8088928761 (brož. : r. 2005) 
020 |a 8088928843 (brož. : r. 2006) 
035 |a SNK000429022 
040 |a SNK  |b slo  |c SNK 
043 |a e-xo--- 
044 |a xo  |c SK 
072 7 |a 061.2  |x Nevládne organizácie a kooperácia  |2 konspekt 
072 7 |a 334  |x Formy organizácie a spolupráce v ekonomike  |2 konspekt 
080 |a (437.6)  |2 2011 
080 |a (047.1)  |2 2011 
080 |a (058)  |2 2011 
080 |a 061.2  |2 2011 
080 |a 334  |2 2011 
080 |a 050  |2 2011 
110 2 |a Slovenská akademická informačná agentúra - Servisné centrum pre tretí sektor  |9 32897 
245 1 0 |a Výročná správa ...  |c Slovenská akademická informačná agentúra - Servisné centrum pre tretí sektor 
246 1 1 |a Annual report ... 
246 3 3 |a Výročná správa SAIA-SCTS ... 
260 |a Bratislava  |b Slovenská akademická informačná agentúra - Servisné centrum pre tretí sektor 
300 |a zv.  |b fotogr., tab.  |c 21-30 cm 
310 |a 1x ročne 
500 |a Popis podľa: R. 2002 (vydané v r. 2003) 
500 |a Súčasťou názvu je označenie bežného roku 
500 |a Zostavili: 2002-2006, Katarína Košťálová, Oľga Šubeníková, Ján Chlup 
500 |a Výška formátu sa mení 
500 |a Názov z obalu 
546 |a Súbežný názov a text anglický 
650 0 7 |a mimovládne organizácie  |2 SNKPH  |9 194400 
650 0 7 |a Nongovernmental institutions and organizations  |2 SNKPHeng  |9 266728 
650 0 7 |a neziskové organizácie  |2 SNKPH  |9 2670 
650 0 7 |a Nonprofit organizations  |2 SNKPHeng  |9 266338 
651 7 |a Slovensko  |2 SNKPHgeo  |9 14231 
651 7 |a Slovakia  |2 SNKPHeng  |9 92630 
655 7 |a výročné správy  |2 SNKPH  |9 70580 
655 7 |a Annual reports  |2 SNKPHeng  |9 265598 
655 7 |a ročenky  |2 SNKPH  |9 57146 
655 7 |a Yearbooks  |2 SNKPHeng  |9 120938 
700 1 |a Košťálová, Katarína,  |d 1954-  |4 edt  |9 103020 
700 1 |a Šubeníková, Oľga,  |d 1951-  |4 edt  |9 102638 
700 1 |a Chlup, Ján,  |d 1963-  |4 edt  |9 97596 
856 4 |a https://www.saia.sk/ 
910 |a snk 
919 |a 80-88928-44-3 
919 |a 80-88928-49-4 
919 |a 80-88928-61-3 
919 |a 80-88928-27-3 
919 |a 80-88928-62-1 
919 |a 80-88928-69-9 
919 |a 80-88928-76-1 
919 |a 80-88928-84-3 
999 |c 3572  |d 5502 
952 |a SNK  |b SNK  |y PREZ  |7 0  |p 17A0416335  |o snkČSB 5036/2001  |i snkPV 491/2004  |0 0  |1 0  |4 0  |d 2004-04-23  |l 0  |r 2005-01-02 00:00:00  |w 2026-02-21 
952 |a SNK  |b SNK  |y PREZ  |7 0  |p 17A0416336  |o snkČSB 5036/2001 D1  |i snkPV 492/2004  |0 0  |1 0  |4 0  |d 2004-04-23  |l 0  |r 2005-01-02 00:00:00  |w 2026-02-21 
952 |a SNK  |b SNK  |y PREZ  |7 0  |p 17A0366044  |o snkČSB 5036/2000  |i snkPV 523/2004  |0 0  |1 0  |4 0  |d 2004-04-30  |l 0  |r 2005-01-02 00:00:00  |w 2026-02-21 
952 |a SNK  |b SNK  |y PREZ  |7 0  |p 17A0366045  |o snkČSB 5036/2000 D1  |i snkPV 524/2004  |0 0  |1 0  |4 0  |d 2004-04-30  |l 0  |r 2005-01-02 00:00:00  |w 2026-02-21 
952 |a SNK  |b SNK  |y PREZ  |7 0  |p 17A0431622  |o snkČSB 5036/2002  |i snkPV 1273/2004  |0 0  |1 0  |4 0  |d 2004-09-21  |l 0  |r 2005-01-02 00:00:00  |w 2026-02-21 
952 |a SNK  |b SNK  |y PREZ  |7 0  |p 17A0609460  |o snkČSB 5036/1994  |i snk2009/7791  |8 3  |0 0  |1 0  |4 0  |d 2009-04-27  |l 0  |r 2026-02-21 19:42:12  |w 2026-02-21 
952 |a SNK  |b SNK  |y PREZ  |7 0  |p 17A0264152  |o snkČSB 5036/1998  |i snkKSP 794/2001  |0 0  |1 0  |4 0  |d 2001-01-16  |l 0  |r 2005-01-02 00:00:00  |w 2026-02-21 
952 |a SNK  |b SNK  |y PREZ  |7 0  |p 17A0264153  |o snkČSB 5036/1998 D1  |i snkKSP 795/2001  |0 0  |1 0  |4 0  |d 2001-01-16  |l 0  |r 2005-01-02 00:00:00  |w 2026-02-21 
952 |a SNK  |b SNK  |y PREZ  |7 0  |p 17A0569485  |o snkČSB 5036/2003  |i snk2008/13891  |8 0  |0 0  |1 0  |4 0  |d 2008-07-08  |l 0  |r 2026-02-21 21:29:50  |w 2026-02-21 
952 |a SNK  |b SNK  |y PREZ  |7 0  |p 17A0569146  |o snkČSB 5036/2003 D1  |i snk2008/13892  |8 0  |0 0  |1 0  |4 0  |d 2008-07-08  |l 0  |r 2026-02-21 21:29:50  |w 2026-02-21 
952 |a SNK  |b SNK  |y PREZ  |7 0  |p 17A0569484  |o snkČSB 5036/2004  |i snk2008/13893  |8 0  |0 0  |1 0  |4 0  |d 2008-07-08  |l 0  |r 2026-02-21 21:29:50  |w 2026-02-21 
952 |a SNK  |b SNK  |y PREZ  |7 0  |p 17A0569523  |o snkČSB 5036/2004 D1  |i snk2008/13894  |8 0  |0 0  |1 0  |4 0  |d 2008-07-08  |l 0  |r 2026-02-21 21:29:50  |w 2026-02-21 
952 |a SNK  |b SNK  |y PREZ  |7 0  |p 17A0569525  |o snkČSB 5036/2005  |i snk2008/13895  |8 0  |0 0  |1 0  |4 0  |d 2008-07-08  |l 0  |r 2026-02-21 21:29:50  |w 2026-02-21 
952 |a SNK  |b SNK  |y PREZ  |7 0  |p 17A0569524  |o snkČSB 5036/2005 D1  |i snk2008/13897  |8 0  |0 0  |1 0  |4 0  |d 2008-07-08  |l 0  |r 2026-02-21 21:29:50  |w 2026-02-21 
952 |a SNK  |b SNK  |y PREZ  |7 0  |p 17A0569539  |o snkČSB 5036/2006  |i snk2008/13898  |8 0  |0 0  |1 0  |4 0  |d 2008-07-08  |l 0  |r 2026-02-21 21:29:50  |w 2026-02-21 
952 |a SNK  |b SNK  |y PREZ  |7 0  |p 17A0569538  |o snkČSB 5036/2006 D1  |i snk2008/13899  |8 0  |0 0  |1 0  |4 0  |d 2008-07-08  |l 0  |r 2026-02-21 21:29:50  |w 2026-02-21 
952 |a SNK  |b SNK  |y PREZ  |7 0  |p 17A0569520  |o snkČSB 5036/1995  |i snk2008/14005  |8 5  |z Kópia bez diakritiky  |0 0  |1 0  |4 0  |d 2008-07-10  |l 0  |r 2026-02-21 21:29:53  |w 2026-02-21 
952 |a SNK  |b SNK  |y PREZ  |7 0  |p 17A0569521  |o snkČSB 5036/1996  |i snk2008/14007  |8 5  |z Kópia bez diakritiky  |0 0  |1 0  |4 0  |d 2008-07-10  |l 0  |r 2026-02-21 21:29:53  |w 2026-02-21 
952 |a SNK  |b SNK  |y PREZ  |7 0  |p 17A0569522  |o snkČSB 5036/1997  |i snk2008/14008  |8 5  |z Kópia   |0 0  |1 0  |4 0  |d 2008-07-10  |l 0  |r 2026-02-21 21:29:53  |w 2026-02-21